[Event "4NCL/Div3/SLOS2 vs. FCA1"]
[Site "Birmingham ENG"]
[Date "2007.11.11"]
[Round "4.3"]
[White "Purton, Ben J"]
[Black "Apetrie, Florin"]
[Result "0-1"]
[WhiteElo "2119"]
[BlackElo "2172"]
[PlyCount "78"]
[EventDate "2007.11.11"]
[EventType "team"]
[EventRounds "11"]
[EventCountry "ENG"]
[SourceDate "2007.09.15"]

1. e4 c5 2. Nf3 d6 3. Bb5+ Nd7 4. c3 Ngf6 5. Qa4 e6 6. O-O Be7 7. Re1 O-O 8. d4
a6 9. Bd3 b5 10. Qd1 Bb7 11. a4 c4 12. Bc2 e5 13. axb5 axb5 14. Na3 Qb6 15. Be3
Ng4 16. Nxe5 Ndxe5 17. dxe5 Nxe3 18. Rxe3 dxe5 19. Qh5 Qe6 20. Bd1 Bc5 21. Rh3
Bxe4 22. Bc2 Bxc2 23. Nxc2 Rxa1+ 24. Nxa1 h6 25. Qe2 Qf5 26. Nc2 Ra8 27. g4 Qf4
28. Rh5 f6 29. Rf5 Qc1+ 30. Kg2 Rd8 31. Qe4 Qxb2 32. Rxf6 Qxc3 33. Qg6 Qd3 34.
Qf7+ Kh8 35. Re6 Qxc2 36. Rxh6+ gxh6 37. Qf6+ Kg8 38. Qxd8+ Bf8 39. Qd5+ Kh7
0-1

[Event "4NCL/Div3/SLOS2 vs. FCA1"]
[Site "Birmingham ENG"]
[Date "2007.11.11"]
[Round "4.4"]
[White "Smith, Graham"]
[Black "Linford, Charles"]
[Result "1/2-1/2"]
[WhiteElo "2123"]
[BlackElo "2132"]
[PlyCount "81"]
[EventDate "2007.11.11"]
[EventType "team"]
[EventRounds "11"]
[EventCountry "ENG"]
[SourceDate "2007.09.15"]

1. d4 Nf6 2. c4 e6 3. g3 d5 4. Nf3 b6 5. Bg2 Bb7 6. b3 dxc4 7. bxc4 Bb4+ 8. Bd2
Bxd2+ 9. Nbxd2 O-O 10. O-O Na6 11. Qb3 c5 12. e3 Qe7 13. Rfe1 Rfd8 14. a3 Rac8
15. Rad1 Bc6 16. Nb1 Qb7 17. Nh4 g5 18. Bxc6 Qxc6 19. d5 exd5 20. Nf5 Qe6 21.
Qd3 Ne4 22. g4 Nc7 23. f3 Nf6 24. e4 dxc4 25. Qe3 h6 26. Nxh6+ Kh7 27. Qxg5
Nxe4 28. fxe4 Qxh6 29. Qf5+ Qg6 30. Nc3 Qxf5 31. exf5 Rd3 32. Rxd3 cxd3 33. Re7
Kg7 34. g5 Kf8 35. f6 b5 36. Ne4 c4 37. g6 fxg6 38. Ng5 d2 39. Rf7+ Ke8 40.
Re7+ Kf8 41. Rf7+ 1/2-1/2

[Event "4NCL/Div3/SLOS2 vs. FCA1"]
[Site "Birmingham ENG"]
[Date "2007.11.11"]
[Round "4.5"]
[White "Pafura, Godfrey"]
[Black "Freeman, Richard C P"]
[Result "1/2-1/2"]
[WhiteElo "2097"]
[BlackElo "2097"]
[PlyCount "111"]
[EventDate "2007.11.11"]
[EventType "team"]
[EventRounds "11"]
[EventCountry "ENG"]
[SourceDate "2007.09.15"]

1. Nf3 g6 2. d4 Bg7 3. c4 d6 4. Nc3 Bg4 5. e3 Nd7 6. Be2 Ngf6 7. O-O O-O 8. h3
Bxf3 9. Bxf3 Rb8 10. Qa4 a6 11. Rd1 c5 12. b4 cxb4 13. Qxb4 Qc7 14. Rb1 Rfc8
15. Nd5 Nxd5 16. Bxd5 b6 17. Ba3 Nf6 18. Rdc1 Qd7 19. Bf3 Bf8 20. Bb2 h5 21.
Qa3 Qa7 22. d5 Bg7 23. g4 hxg4 24. hxg4 Qd7 25. Bxf6 Bxf6 26. Qxa6 Ra8 27. Qxb6
Rxa2 28. Qb3 Qa4 29. Qd3 Qa5 30. Rc2 Ra1 31. Rxa1 Qxa1+ 32. Kg2 Kg7 33. Bd1 Rb8
34. Re2 Bc3 35. Bc2 Rh8 36. Bb1 Ra8 37. f4 Ra3 38. Qe4 Rb3 39. Bc2 Rb7 40. g5
Ra7 41. Rf2 Qe1 42. Bd3 Ra1 43. Bf1 Qd1 44. f5 Qh5 45. fxg6 Qxg5+ 46. Kh1 fxg6
47. Qf3 Qh5+ 48. Qxh5 gxh5 49. Kg2 Bf6 50. Kf3 Bg5 51. Ke4 Re1 52. Be2 h4 53.
Kd3 Ra1 54. Rf3 Rg1 55. Ke4 Rg3 56. Bf1 1/2-1/2

[Event "4NCL/Div3/SLOS2 vs. FCA1"]
[Site "Birmingham ENG"]
[Date "2007.11.11"]
[Round "4.6"]
[White "Utyuzhnikova, Galina"]
[Black "Edgell, Ben P"]
[Result "1/2-1/2"]
[WhiteElo "2105"]
[BlackElo "2069"]
[PlyCount "38"]
[EventDate "2007.11.11"]
[EventType "team"]
[EventRounds "11"]
[EventCountry "ENG"]
[SourceDate "2007.09.15"]

1. c4 Nf6 2. Nc3 c5 3. g3 g6 4. Bg2 Bg7 5. d3 O-O 6. e4 d6 7. Nge2 Nc6 8. O-O
Bd7 9. Bg5 h6 10. Bf4 e5 11. Bd2 Nd4 12. Nxd4 cxd4 13. Nd5 Nxd5 14. cxd5 Qb6
15. Qb1 a5 16. a4 Rfc8 17. Bf3 Qa6 18. Bd1 f5 19. f3 Rc7 1/2-1/2

[Event "4NCL/Div3/SLOS2 vs. FCA1"]
[Site "Birmingham ENG"]
[Date "2007.11.11"]
[Round "4.7"]
[White "Varnam, Liam D"]
[Black "Elwin, Adrian G"]
[Result "1-0"]
[WhiteElo "2033"]
[BlackElo "2044"]
[PlyCount "57"]
[EventDate "2007.11.11"]
[EventType "team"]
[EventRounds "11"]
[EventCountry "ENG"]
[SourceDate "2007.09.15"]

1. e4 c6 2. d4 d5 3. Nc3 dxe4 4. Nxe4 Nf6 5. Nxf6+ gxf6 6. Nf3 Bg4 7. Be3 e6 8.
Be2 Bd6 9. O-O Nd7 10. c4 Qc7 11. h3 h5 12. Re1 Bf5 13. Rc1 O-O-O 14. Qa4 Rdg8
15. Kh1 a6 16. b4 Bf4 17. Qb3 Rg7 18. b5 Bxe3 19. Qxe3 Nb8 20. bxc6 Nxc6 21. d5
Ne5 22. Nd4 Ng4 23. Bxg4 hxg4 24. c5 gxh3 25. g3 Bg4 26. Qa3 e5 27. d6 Qb8 28.
c6 b6 29. Qxa6+ 1-0

[Event "4NCL/Div3/SLOS2 vs. FCA1"]
[Site "Birmingham ENG"]
[Date "2007.11.11"]
[Round "4.8"]
[White "Kendall, Paul S N"]
[Black "Martin, Katie"]
[Result "1-0"]
[WhiteElo "2061"]
[BlackElo "1928"]
[Annotator "Armstrong,Malcolm"]
[PlyCount "61"]
[EventDate "2007.11.11"]
[EventType "team"]
[EventRounds "11"]
[EventCountry "ENG"]
[SourceDate "2007.09.15"]

1. e4 e5 2. Nf3 Nc6 3. Bb5 a6 4. Bxc6 dxc6 5. O-O Bd6 6. d4 exd4 7. Qxd4 f6 8.
Re1 Be6 9. Nbd2 Qe7 10. e5 fxe5 11. Nxe5 Nf6 12. Ndf3 Bc5 13. Qh4 O-O-O 14. Nd3
Rxd3 15. cxd3 Qd7 16. d4 Bb6 17. Bd2 Bd5 18. Ne5 Qf5 19. Bc3 g5 20. Qg3 h5 21.
Nf3 g4 22. Nh4 Qg5 23. Re5 Qh6 24. Rae1 Rf8 25. Nf5 Qh7 26. Ne7+ Kb8 27. Nxd5
cxd5 28. Qh4 Ne4 29. Qxh5 Qxh5 30. Rxh5 Nxf2 31. Rf1 {time} 1-0

[Event "4NCL/Div3/WES2 vs. ANGA1"]
[Site "Birmingham ENG"]
[Date "2007.11.11"]
[Round "4.1"]
[White "Rutter, Nicholas"]
[Black "Talsma, Paul A"]
[Result "1-0"]
[WhiteElo "2183"]
[BlackElo "2235"]
[PlyCount "143"]
[EventDate "2007.11.11"]
[EventType "team"]
[EventRounds "11"]
[EventCountry "ENG"]
[SourceDate "2007.09.15"]

1. e4 e5 2. Nf3 Nc6 3. d4 exd4 4. Nxd4 g6 5. Nc3 Bg7 6. Be3 Nf6 7. Nxc6 bxc6 8.
e5 Ng8 9. Bd4 Nh6 10. e6 O-O 11. Bxg7 Kxg7 12. Qd4+ Qf6 13. Qxf6+ Kxf6 14. exd7
Bxd7 15. O-O-O Rad8 16. Be2 Bg4 17. f3 Bc8 18. Bc4 Nf5 19. Rxd8 Rxd8 20. Re1
Nd6 21. Bd3 Bf5 22. Bxf5 gxf5 23. f4 Nb5 24. Re3 Rd4 25. g3 Rc4 26. Nd1 Re4 27.
Kd2 Ra4 28. a3 Nd6 29. Ke2 Ne4 30. Rd3 Ke6 31. Rd8 Nd6 32. Nc3 Rd4 33. b3 c5
34. Rh8 Ne4 35. Nxe4 fxe4 36. Rxh7 c4 37. Rh6+ f6 38. bxc4 Rxc4 39. Ke3 Rxc2
40. g4 Rc3+ 41. Kxe4 Rc4+ 42. Ke3 Kf7 43. Rh7+ Kg6 44. Rd7 f5 45. gxf5+ Kxf5
46. Rd5+ Kf6 47. Ra5 Rc2 48. h4 Rh2 49. h5 c5 50. h6 Kg6 51. Ke4 c4 52. Ra6+
Kh7 53. Kd4 Rf2 54. Kxc4 Rxf4+ 55. Kc5 Rf3 56. a4 Rc3+ 57. Kb5 Rf3 58. Rc6 Rf5+
59. Ka6 Rf4 60. a5 Rf5 61. Rc7+ Kxh6 62. Rxa7 Rf6+ 63. Kb5 Rf5+ 64. Kc6 Rf6+
65. Kd5 Rg6 66. Re7 Rg1 67. a6 Ra1 68. a7 Kg6 69. Kc6 Kf6 70. Rh7 Ke6 71. Rh6+
Ke7 72. Rh8 1-0

[Event "4NCL/Div3/WES2 vs. ANGA1"]
[Site "Birmingham ENG"]
[Date "2007.11.11"]
[Round "4.2"]
[White "Munson, Shaun D"]
[Black "Clark, Ian C"]
[Result "1/2-1/2"]
[WhiteElo "2204"]
[BlackElo "2104"]
[PlyCount "100"]
[EventDate "2007.11.11"]
[EventType "team"]
[EventRounds "11"]
[EventCountry "ENG"]
[SourceDate "2007.09.15"]

1. d4 d5 2. Bg5 Nf6 3. Nc3 Bf5 4. f3 c6 5. Qd2 Nbd7 6. O-O-O h6 7. Bh4 g5 8.
Bf2 Qa5 9. e4 dxe4 10. fxe4 Bg4 11. Nf3 e6 12. h3 Bxf3 13. gxf3 Bb4 14. a3 Bxc3
15. Qxc3 Qxc3 16. bxc3 O-O-O 17. c4 b6 18. c3 Nh5 19. Kc2 c5 20. a4 Nf4 21. a5
Kc7 22. Bg3 f6 23. Ra1 e5 24. d5 h5 25. Bd3 Kd6 26. Kd2 Nxd3 27. Kxd3 h4 28.
Bf2 Rb8 29. axb6 axb6 30. Ra7 Rhc8 31. Rha1 Rc7 32. Kc2 Rxa7 33. Rxa7 Rf8 34.
Be3 Rc8 35. Kb3 Rg8 36. Ka4 Rf8 37. Kb5 Rb8 38. Bf2 Rf8 39. Rb7 Rc8 40. Ra7 Rb8
41. Be3 Rf8 42. Ra6 Rc8 43. Bf2 Rb8 44. Be3 Rc8 45. Ra7 Rb8 46. Ka6 Rc8 47. Bf2
Rb8 48. Kb5 Rf8 49. Be3 Rc8 50. Bf2 Rb8 1/2-1/2

[Event "4NCL/Div3/WES2 vs. ANGA1"]
[Site "Birmingham ENG"]
[Date "2007.11.11"]
[Round "4.3"]
[White "Pleasants, Allan J"]
[Black "Spence, David"]
[Result "0-1"]
[WhiteElo "2098"]
[BlackElo "2176"]
[PlyCount "82"]
[EventDate "2007.11.11"]
[EventType "team"]
[EventRounds "11"]
[EventCountry "ENG"]
[SourceDate "2007.09.15"]

1. e4 e6 2. d4 d5 3. exd5 exd5 4. Bd3 Nc6 5. c3 Bd6 6. Nf3 Bg4 7. O-O Nge7 8.
Bg5 f6 9. Bh4 Qd7 10. Bg3 Bxg3 11. fxg3 O-O-O 12. h3 Bf5 13. Qc2 g6 14. Nh4
Bxd3 15. Qxd3 f5 16. Nd2 Rhe8 17. b4 Qd6 18. Nb3 Ng8 19. Nc5 Nb8 20. a4 Nf6 21.
Nf3 Qxg3 22. Qb5 b6 23. a5 bxc5 24. bxc5 c6 25. Qb2 Qc7 26. Ra3 Kd7 27. Rb3 Qg3
28. Rb7+ Ke6 29. Ne5 Nfd7 30. Rxa7 Nxe5 31. dxe5 Qxe5 32. Qd2 Kf6 33. Qb2 Qe3+
34. Kh1 Qxc5 35. Rxh7 Rd7 36. Rh6 Kg7 37. Rh4 Na6 38. Rd4 Re4 39. Rd3 Nc7 40.
Rg3 Rf7 41. Qb8 Qb5 0-1

[Event "4NCL/Div3/WES2 vs. ANGA1"]
[Site "Birmingham ENG"]
[Date "2007.11.11"]
[Round "4.4"]
[White "Player, Edmund C"]
[Black "Gregory, Keith D"]
[Result "1-0"]
[WhiteElo "2132"]
[BlackElo "2100"]
[PlyCount "80"]
[EventDate "2007.11.11"]
[EventType "team"]
[EventRounds "11"]
[EventCountry "ENG"]
[SourceDate "2007.09.15"]

1. e4 g6 2. d4 d6 3. Nf3 Bg7 4. Bc4 c6 5. Bb3 Nf6 6. Qe2 O-O 7. O-O d5 8. Nbd2
dxe4 9. Nxe4 Bg4 10. c3 Nbd7 11. Re1 Qa5 12. h3 Bxf3 13. Qxf3 Nxe4 14. Rxe4
Rae8 15. Bf4 Nf6 16. Re2 Qf5 17. Rae1 Qd7 18. Bg5 Kh8 19. h4 h6 20. Bxf6 Bxf6
21. h5 Qf5 22. Qxf5 gxf5 23. Bc2 f4 24. Re4 Bg5 25. Bb3 Kg7 26. Kf1 e6 27. Ke2
Rc8 28. Kf3 Rfd8 29. Rd1 Rd6 30. Re2 Rcd8 31. Ree1 a5 32. Re5 b6 33. Ree1 b5
34. Bc2 Rb8 35. Re5 Rd5 36. Be4 Rd6 37. Rc5 Rb6 38. Rd2 f5 39. Bd3 Rb8 40. a4
bxa4 1-0

[Event "4NCL/Div3/WES2 vs. ANGA1"]
[Site "Birmingham ENG"]
[Date "2007.11.11"]
[Round "4.5"]
[White "Taylor-Bowd, Phil"]
[Black "Gregory, Stephen J"]
[Result "1/2-1/2"]
[WhiteElo "2064"]
[BlackElo "2168"]
[PlyCount "130"]
[EventDate "2007.11.11"]
[EventType "team"]
[EventRounds "11"]
[EventCountry "ENG"]
[SourceDate "2007.09.15"]

1. e4 d5 2. exd5 Qxd5 3. Nc3 Qa5 4. d4 Nf6 5. Bc4 c6 6. Bd2 Bf5 7. Qf3 Bg4 8.
Qf4 Qd8 9. h3 Bh5 10. g4 Bg6 11. g5 Nh5 12. Qf3 e6 13. Nge2 Be7 14. h4 Nd7 15.
O-O-O Nb6 16. Bd3 Nd5 17. Ng3 Nxc3 18. Bxc3 Nxg3 19. fxg3 Qd5 20. Qxd5 cxd5 21.
Bb5+ Kd8 22. Bd3 Bh5 23. Rde1 Bd6 24. Rhg1 Ke7 25. a3 a5 26. Bd2 Bg6 27. Bxg6
hxg6 28. Ref1 b5 29. Bf4 Bxf4+ 30. Rxf4 f5 31. Re1 Rac8 32. c3 b4 33. axb4 axb4
34. Kc2 Rb8 35. Rf3 Rhc8 36. Rfe3 Rc6 37. Ra1 Rb7 38. Ra5 Kf7 39. Ra8 Rcb6 40.
Ra5 bxc3 41. bxc3 Rb2+ 42. Kd3 Rg2 43. Ra1 Rbb2 44. Rd1 Rbf2 45. c4 Rb2 46. Rc1
Rb3+ 47. Rc3 Rxc3+ 48. Kxc3 dxc4 49. Kxc4 Rc2+ 50. Kd3 Rf2 51. Kc3 f4 52. gxf4
Rxf4 53. Rh3 Ke7 54. Kd3 Rg4 55. Ke3 Kd6 56. Rh1 Kd5 57. Ra1 Re4+ 58. Kf3 Rxh4
59. Ra5+ Kd6 60. Ke3 Rh3+ 61. Ke4 Rh1 62. Ra6+ Ke7 63. Ra7+ Kf8 64. Ra8+ Kf7
65. Ra7+ Kf8 1/2-1/2

[Event "4NCL/Div3/WES2 vs. ANGA1"]
[Site "Birmingham ENG"]
[Date "2007.11.11"]
[Round "4.6"]
[White "Gray, Mark S"]
[Black "Ferrington, Nigel M"]
[Result "0-1"]
[WhiteElo "2114"]
[BlackElo "2101"]
[PlyCount "68"]
[EventDate "2007.11.11"]
[EventType "team"]
[EventRounds "11"]
[EventCountry "ENG"]
[SourceDate "2007.09.15"]

1. e4 c5 2. d4 cxd4 3. c3 dxc3 4. Nxc3 Nc6 5. Nf3 d6 6. Bc4 e6 7. O-O Nf6 8.
Qe2 Be7 9. Rd1 e5 10. Be3 O-O 11. Rac1 Be6 12. Bxe6 fxe6 13. Ng5 Qd7 14. Qc4
Nd8 15. Nb5 Ng4 16. Nf3 Nxe3 17. fxe3 Nc6 18. Rd2 Rac8 19. Rdc2 a6 20. Na3 d5
21. exd5 exd5 22. Qa4 Qf5 23. Qb3 e4 24. Nd2 Na5 25. Rxc8 Qf2+ 26. Kh1 Nxb3 27.
Rxf8+ Bxf8 28. Nxb3 Qxb2 29. Nc2 a5 30. Rf1 Qxc2 31. Nd4 Qd3 32. Re1 Bb4 33.
Rc1 Qxe3 34. Rf1 Qxd4 0-1

[Event "4NCL/Div3/WES2 vs. ANGA1"]
[Site "Birmingham ENG"]
[Date "2007.11.11"]
[Round "4.7"]
[White "Pym, Thomas W"]
[Black "Wallis, Ian"]
[Result "1-0"]
[WhiteElo "2073"]
[BlackElo "2075"]
[PlyCount "61"]
[EventDate "2007.11.11"]
[EventType "team"]
[EventRounds "11"]
[EventCountry "ENG"]
[SourceDate "2007.09.15"]

1. e4 e5 2. Nf3 Nc6 3. Bb5 a6 4. Ba4 Nf6 5. Qe2 b5 6. Bb3 Be7 7. c3 O-O 8. O-O
d5 9. d3 Bb7 10. Rd1 Re8 11. Nbd2 Bf8 12. a3 Qd7 13. Nf1 h6 14. Ne3 Na7 15. h4
c5 16. g4 dxe4 17. dxe4 Qc8 18. g5 Nxe4 19. Nd5 Qg4+ 20. Kh2 Rad8 21. gxh6 c4
22. hxg7 Bxg7 23. Ne7+ Kh8 24. Rg1 Qh5 25. Bc2 Nxc3 26. Rg5 Qxf3 27. Rh5+ Bh6
28. Qxe5+ f6 29. Rxh6+ Kg7 30. Rh7+ Kf8 31. Bh6# 1-0

[Event "4NCL/Div3/WES2 vs. ANGA1"]
[Site "Birmingham ENG"]
[Date "2007.11.11"]
[Round "4.8"]
[White "Egorova, Anna"]
[Black "Khoo, Teresa"]
[Result "0-1"]
[WhiteElo "1950"]
[BlackElo "2055"]
[PlyCount "80"]
[EventDate "2007.11.11"]
[EventType "team"]
[EventRounds "11"]
[EventCountry "ENG"]
[SourceDate "2007.09.15"]

1. e4 c5 2. c4 Nc6 3. Nc3 g6 4. g3 Bg7 5. Bg2 e6 6. Nge2 Nge7 7. O-O O-O 8. d3
d6 9. Be3 Nd4 10. Rb1 Nec6 11. a3 Qa5 12. Kh1 Nxe2 13. Nxe2 Nd4 14. Nc3 a6 15.
b4 Qxa3 16. Bxd4 cxd4 17. Rb3 Qxb3 18. Qxb3 dxc3 19. Rd1 Bd4 20. f4 e5 21. Rf1
Bg4 22. Bf3 Bxf3+ 23. Rxf3 Kg7 24. f5 f6 25. g4 b6 26. h4 a5 27. bxa5 Rxa5 28.
Rf1 Rfa8 29. Rb1 Ra3 30. Qb5 R8a7 31. Qe8 c2 32. Rf1 Ra1 33. Rxa1 Rxa1+ 34. Kg2
Ra7 35. h5 gxh5 36. gxh5 c1=Q 37. Qb8 Ra2+ 38. Kh3 Qe3+ 39. Kg4 Qf4+ 40. Kh3
Rh2# 0-1

[Event "4NCL/Div3/JUTK vs. SLOS3"]
[Site "Birmingham ENG"]
[Date "2007.11.11"]
[Round "4.1"]
[White "Williams, Simon K"]
[Black "de Coverly, Roger"]
[Result "1-0"]
[WhiteElo "2475"]
[BlackElo "2085"]
[PlyCount "81"]
[EventDate "2007.11.11"]
[EventType "team"]
[EventRounds "11"]
[EventCountry "ENG"]
[SourceDate "2007.09.15"]

1. d4 Nf6 2. c4 g6 3. Nc3 Bg7 4. e4 d6 5. Be2 O-O 6. Be3 e5 7. d5 a5 8. g4 Na6
9. h4 Nc5 10. Bf3 Bd7 11. h5 Ne8 12. Nge2 f5 13. hxg6 hxg6 14. gxf5 gxf5 15.
Qc2 fxe4 16. Bxe4 Nxe4 17. Nxe4 Bf5 18. N2g3 Qd7 19. O-O-O c6 20. dxc6 bxc6 21.
Nxf5 Qxf5 22. Nxd6 Qxc2+ 23. Kxc2 Nxd6 24. Rxd6 Rf6 25. Rhd1 Rc8 26. b3 Rf7 27.
Kd3 Rb7 28. Ke4 a4 29. Rd8+ Rxd8 30. Rxd8+ Kf7 31. bxa4 Rb4 32. Rd7+ Kg8 33. a5
Rxc4+ 34. Kf5 Ra4 35. Ra7 Kh7 36. a6 Rxa2 37. Ra8 e4 38. a7 c5 39. Kxe4 Bd4 40.
Bxd4 cxd4 41. Kxd4 1-0

[Event "4NCL/Div3/JUTK vs. SLOS3"]
[Site "Birmingham ENG"]
[Date "2007.11.11"]
[Round "4.2"]
[White "Makepeace, Philip J"]
[Black "Cooley, Chris"]
[Result "0-1"]
[WhiteElo "2020"]
[BlackElo "2268"]
[PlyCount "54"]
[EventDate "2007.11.11"]
[EventType "team"]
[EventRounds "11"]
[EventCountry "ENG"]
[SourceDate "2007.09.15"]

1. e4 c6 2. d4 d5 3. Nc3 dxe4 4. Nxe4 Nf6 5. Nxf6+ gxf6 6. Nf3 Nd7 7. Bd3 e6 8.
Qe2 Bd6 9. g4 Qc7 10. g5 b6 11. gxf6 Nxf6 12. Bg5 Nd5 13. Ne5 h6 14. Bd2 Bb7
15. Qh5 Nf6 16. Qe2 O-O-O 17. O-O-O c5 18. Bc4 Bxe5 19. dxe5 Bxh1 20. Rxh1 Nd5
21. f4 Ne7 22. Rf1 Rhg8 23. Bb5 Kb8 24. c3 Qb7 25. Rf3 Nf5 26. Bd3 Rg2 27. Qf1
Rxd2 0-1

[Event "4NCL/Div3/JUTK vs. SLOS3"]
[Site "Birmingham ENG"]
[Date "2007.11.11"]
[Round "4.3"]
[White "Rich, Mark"]
[Black "Coddington, Oliver"]
[Result "0-1"]
[WhiteElo "2189"]
[BlackElo "1952"]
[PlyCount "60"]
[EventDate "2007.11.11"]
[EventType "team"]
[EventRounds "11"]
[EventCountry "ENG"]
[SourceDate "2007.09.15"]

1. e4 d6 2. d4 Nf6 3. Nc3 c6 4. f4 Qa5 5. e5 Ne4 6. Qf3 d5 7. Bd3 Na6 8. Nge2
Nb4 9. Bxe4 dxe4 10. Qxe4 f5 11. Qf3 Nxc2+ 12. Kd1 Nxa1 13. Qd3 Be6 14. Qb1 Nb3
15. axb3 Bxb3+ 16. Ke1 e6 17. Be3 Be7 18. Kf2 O-O 19. h3 Rad8 20. Rg1 b5 21.
Nc1 Bc4 22. g4 b4 23. N3e2 c5 24. gxf5 exf5 25. Qc2 Qb5 26. b3 Bd5 27. Ng3 cxd4
28. Bxd4 Be4 29. Qc7 Rd7 30. Nxf5 Bh4+ 0-1

[Event "4NCL/Div3/JUTK vs. SLOS3"]
[Site "Birmingham ENG"]
[Date "2007.11.11"]
[Round "4.4"]
[White "Rudolf, Kata"]
[Black "Wilson, Alexandra"]
[Result "0-1"]
[WhiteElo "1400"]
[BlackElo "2061"]
[PlyCount "88"]
[EventDate "2007.11.11"]
[EventType "team"]
[EventRounds "11"]
[EventCountry "ENG"]
[SourceDate "2007.09.15"]

1. e4 e6 2. d3 d5 3. Nd2 Nf6 4. e5 Nfd7 5. d4 c5 6. c3 Nc6 7. Nb3 Qb6 8. Nf3
cxd4 9. cxd4 a5 10. Qd3 a4 11. Nbd2 Be7 12. Be2 Nb4 13. Qc3 O-O 14. O-O Rd8 15.
Rd1 Nf8 16. a3 Nc6 17. Bd3 Bd7 18. Nf1 Rac8 19. Qd2 Na5 20. Qf4 Ng6 21. Bxg6
fxg6 22. Bd2 Nb3 23. Rab1 Rf8 24. Qg4 Bb5 25. Bb4 Bxb4 26. axb4 Be2 27. Re1
Bxf3 28. gxf3 Nxd4 29. f4 Qxb4 30. Kg2 Nf5 31. Ng3 Rc2 32. Nxf5 gxf5 33. Qd1
Rfc8 34. Re2 Rxe2 35. Qxe2 Qxf4 36. f3 Rc4 37. b3 axb3 38. Rxb3 Rc1 39. h4 Qxh4
40. f4 Qh1+ 41. Kf2 Qg1+ 42. Kf3 Rf1+ 43. Qxf1 Qxf1+ 44. Ke3 Qh3+ 0-1

[Event "4NCL/Div3/PAND vs. CAMB2"]
[Site "Birmingham ENG"]
[Date "2007.11.11"]
[Round "4.1"]
[White "Ashton, Adam G"]
[Black "Churm, Rohan M"]
[Result "1/2-1/2"]
[WhiteElo "2282"]
[BlackElo "2178"]
[PlyCount "44"]
[EventDate "2007.11.11"]
[EventType "team"]
[EventRounds "11"]
[EventCountry "ENG"]
[SourceDate "2007.09.15"]

1. e4 e6 2. d4 d5 3. Nc3 Nf6 4. Bg5 Be7 5. e5 Nfd7 6. h4 Bxg5 7. hxg5 Qxg5 8.
Qd3 Nf8 9. Nh3 Qe7 10. Nf4 Bd7 11. O-O-O Nc6 12. Qg3 Rg8 13. Ncxd5 exd5 14.
Nxd5 Qd8 15. Nf6+ gxf6 16. Qxg8 fxe5 17. Rxh7 Qf6 18. Bc4 O-O-O 19. Rxf7 Qh6+
20. Kb1 Ne6 21. Qh7 Qxh7 22. Rxh7 Nexd4 1/2-1/2

[Event "4NCL/Div3/PAND vs. CAMB2"]
[Site "Birmingham ENG"]
[Date "2007.11.11"]
[Round "4.2"]
[White "Gallagher, Ian G"]
[Black "Walton, Alan J"]
[Result "1/2-1/2"]
[WhiteElo "2135"]
[BlackElo "2227"]
[PlyCount "136"]
[EventDate "2007.11.11"]
[EventType "team"]
[EventRounds "11"]
[EventCountry "ENG"]
[SourceDate "2007.09.15"]

1. e4 e6 2. d4 d5 3. Nc3 Nf6 4. Bg5 Be7 5. e5 Nfd7 6. h4 c5 7. Bxe7 Kxe7 8. f4
Qb6 9. Qd2 cxd4 10. Na4 Qc7 11. Nf3 Nc6 12. Nxd4 a6 13. Nc3 Nxd4 14. Qxd4 Qc5
15. Ne2 Qxd4 16. Nxd4 f6 17. Nf3 Nc5 18. c4 dxc4 19. Bxc4 b5 20. Be2 Bb7 21.
O-O Rac8 22. exf6+ gxf6 23. Rac1 Rhd8 24. Rfd1 Na4 25. Rxc8 Rxc8 26. Rd2 Rc1+
27. Kf2 Nc5 28. Ke3 Bd5 29. f5 Ne4 30. Rd4 Nd6 31. Kd2 Bxf3 32. Bxf3 Nxf5 33.
Rg4 Rh1 34. Be4 Nd6 35. Bxh7 f5 36. Rg7+ Kf6 37. Ra7 Rxh4 38. Ke2 Ra4 39. a3
Ne4 40. Bg8 Ng5 41. Ra8 Rg4 42. Kf1 Ra4 43. Rb8 Rc4 44. Rb6 Rc8 45. Bxe6 Nxe6
46. Rxa6 Rc1+ 47. Kf2 Rc2+ 48. Kf3 Rxb2 49. a4 Ke5 50. axb5 Ng5+ 51. Kg3 Ne4+
52. Kh3 Rxb5 53. Ra2 Rb8 54. Kh2 Kf4 55. Ra3 Rb2 56. Kg1 Rc2 57. g3+ Nxg3 58.
Rf3+ Kg4 59. Rf4+ Kg5 60. Rg4+ Kf6 61. Rxg3 Ke5 62. Kf1 Ke4 63. Ra3 f4 64. Rb3
Rd2 65. Ra3 Kf5 66. Rb3 Kg4 67. Ra3 f3 68. Ra8 Kg3 1/2-1/2

[Event "4NCL/Div3/PAND vs. CAMB2"]
[Site "Birmingham ENG"]
[Date "2007.11.11"]
[Round "4.3"]
[White "Taylor, Robert M"]
[Black "Cooley, Oliver"]
[Result "1/2-1/2"]
[WhiteElo "2203"]
[BlackElo "2108"]
[PlyCount "89"]
[EventDate "2007.11.11"]
[EventType "team"]
[EventRounds "11"]
[EventCountry "ENG"]
[SourceDate "2007.09.15"]

1. Nf3 g6 2. e4 Bg7 3. d4 d6 4. Bd3 c5 5. c3 Bg4 6. dxc5 dxc5 7. Bb5+ Nc6 8.
Bxc6+ bxc6 9. Qxd8+ Rxd8 10. Be3 Nf6 11. Nbd2 Nd7 12. O-O Rb8 13. Rab1 O-O 14.
Rfc1 Be6 15. b3 h6 16. h3 Rb5 17. c4 Rb7 18. Ne1 Kh7 19. Nd3 Bd4 20. Bxd4 cxd4
21. f4 c5 22. g4 f5 23. gxf5 gxf5 24. e5 a5 25. a4 Bf7 26. Kf2 e6 27. Rb2 Bh5
28. Rg1 Rfb8 29. Rgb1 Rc8 30. Rg1 Nb8 31. Nb1 Na6 32. Na3 Nb4 33. Nxb4 Rxb4 34.
Nc2 Rb6 35. Rgb1 Rcb8 36. Ne1 Be8 37. Nd3 Rc8 38. Rg1 Rc7 39. Ke1 Bd7 40. Nxc5
Bc8 41. Nd3 Bb7 42. c5 Ra6 43. Kd2 Be4 44. Rc2 Rb7 45. c6 1/2-1/2

[Event "4NCL/Div3/PAND vs. CAMB2"]
[Site "Birmingham ENG"]
[Date "2007.11.11"]
[Round "4.4"]
[White "Spencer, Carl"]
[Black "Woolley, Jos"]
[Result "0-1"]
[WhiteElo "2115"]
[BlackElo "2098"]
[PlyCount "54"]
[EventDate "2007.11.11"]
[EventType "team"]
[EventRounds "11"]
[EventCountry "ENG"]
[SourceDate "2007.09.15"]

1. e4 e5 2. Nf3 Nc6 3. d4 exd4 4. Nxd4 Bc5 5. Be3 Bxd4 6. Bxd4 Nf6 7. Nc3 O-O
8. Be3 Re8 9. Bd3 d5 10. exd5 Nb4 11. Bc4 Ng4 12. O-O Nxh2 13. a3 Bg4 14. Be2
Bxe2 15. Qxe2 Nxf1 16. Rxf1 Nxd5 17. Qc4 Nxe3 18. fxe3 Qe7 19. Rf3 c6 20. Qg4
g6 21. Ne2 Rad8 22. Nf4 Rd1+ 23. Kh2 Re1 24. Nh5 Qe5+ 25. Rg3 Rxe3 26. Nf4 Rxg3
27. Qxg3 g5 0-1

[Event "4NCL/Div3/PAND vs. CAMB2"]
[Site "Birmingham ENG"]
[Date "2007.11.11"]
[Round "4.5"]
[White "Cumbers, Paul"]
[Black "Jones, Richard M"]
[Result "1-0"]
[WhiteElo "2128"]
[BlackElo "2086"]
[PlyCount "97"]
[EventDate "2007.11.11"]
[EventType "team"]
[EventRounds "11"]
[EventCountry "ENG"]
[SourceDate "2007.09.15"]

1. e4 e5 2. Nc3 Nf6 3. g3 Bc5 4. Bg2 O-O 5. Nge2 Nc6 6. O-O a6 7. h3 Ne8 8. Kh2
d6 9. f4 f6 10. Nd5 Ne7 11. c3 Nxd5 12. exd5 f5 13. fxe5 dxe5 14. d4 exd4 15.
Nxd4 Qf6 16. Be3 Qg6 17. Nxf5 Bxf5 18. Bxc5 Nd6 19. Bxd6 Qxd6 20. Qd4 Rae8 21.
Rae1 Rxe1 22. Rxe1 Qd7 23. d6 cxd6 24. Qd5+ Kh8 25. Rf1 Rf7 26. g4 Be6 27. Rxf7
Qxf7 28. Qxd6 Qe8 29. Qe5 Qd7 30. Qb8+ Bg8 31. Qxb7 Qd6+ 32. Kg1 Qd2 33. Qb8 h6
34. Kh1 Qc1+ 35. Kh2 Kh7 36. Be4+ Kh8 37. a3 Qd2+ 38. Bg2 Kh7 39. Kg1 Qc1+ 40.
Kh2 Qd2 41. c4 Qe2 42. b3 Bf7 43. Qf4 Bg6 44. b4 Qa2 45. b5 Qb3 46. a4 Qb4 47.
Qd4 Qxa4 48. b6 Qe8 49. Qf4 1-0

[Event "4NCL/Div3/PAND vs. CAMB2"]
[Site "Birmingham ENG"]
[Date "2007.11.11"]
[Round "4.6"]
[White "Campbell, Mark"]
[Black "Birtwhistle, Nigel"]
[Result "1/2-1/2"]
[WhiteElo "2005"]
[BlackElo "2125"]
[PlyCount "42"]
[EventDate "2007.11.11"]
[EventType "team"]
[EventRounds "11"]
[EventCountry "ENG"]
[SourceDate "2007.09.15"]

1. e4 c5 2. Nf3 g6 3. c4 Nc6 4. d4 cxd4 5. Nxd4 Nf6 6. Nc3 d6 7. Be2 Nxd4 8.
Qxd4 Bg7 9. Be3 O-O 10. Qd2 Be6 11. Rc1 Qa5 12. O-O Rfc8 13. b3 a6 14. f3 b5
15. Nd5 Qxd2 16. Bxd2 Bxd5 17. cxd5 Nd7 18. Rxc8+ Rxc8 19. Rc1 Rxc1+ 20. Bxc1
Bd4+ 21. Kf1 Nc5 1/2-1/2